Property rights, public space and urban design (Record no. 78683)

MARC details
000 -LEADER
fixed length control field 01087cab a22001935a 4500
001 - CONTROL NUMBER
control field L137665
008 - FIXED-LENGTH DATA ELEMENTS--GENERAL INFORMATION
fixed length control field 070424s2007 xxko f 000 0 eng d
035 ## - SYSTEM CONTROL NUMBER
System control number (Sirsi) u137665
041 0# - LANGUAGE CODE
Language code of text/sound track or separate title eng
100 1# - MAIN ENTRY--PERSONAL NAME
Personal name Webster, Chris
245 00 - TITLE STATEMENT
Title Property rights, public space and urban design
260 ## - PUBLICATION, DISTRIBUTION, ETC.
Date of publication, distribution, etc. 2007
490 #0 - SERIES STATEMENT
Series statement Town Planning Review
Volume/sequential designation 78(1) 2007, 81-101(21)
520 ## - SUMMARY, ETC.
Summary, etc. Aimed at urban planners and designers. Offers a set of analytical tools relating to the dynamics of open space, urban morphologies and the outcome of urban designs. Considers the way in which shared and private spaces develop public domain problems. Shows how these can be resolved by the clarification of property rights. Urban space is considered as a residual category of land, and therefore should correspond to a hierarchy of governing institutions. States that physical and institutional design are both important in creating sustainable public realms to avoid the tragedy of the urban commons.
590 ## - LOCAL NOTE (RLIN)
Local note KA
651 #4 - SUBJECT ADDED ENTRY--GEOGRAPHIC NAME
Geographic name International
690 ## - LOCAL SUBJECT ADDED ENTRY--TOPICAL TERM (OCLC, RLIN)
Topical term or geographic name as entry element Planning and development
9 (RLIN) 6259
942 ## - ADDED ENTRY ELEMENTS (KOHA)
Suppress in OPAC 0
Holdings
Withdrawn status Lost status Source of classification or shelving scheme Damaged status Not for loan Home library Current library Shelving location Date acquired Total Checkouts Full call number Barcode Date last seen Copy number Price effective from Koha item type
    Dewey Decimal Classification     London London Journal article 24/04/2007   L137665 137665-1001 06/08/2019 1 06/08/2019 Journal article